000 00630nam a2200217 a 4500
001 BRCA_5401
005 20190320205048.0
008 091210s1945----u--a######---#000-0#eng-#
041 _aeng
044 _au
050 4 _aND8550
_b.L36 1945
100 1 _aLandon, Edward
_913806
245 1 0 _aPicture framing
_bmodern methods of making and finishing picture frames
_cby Edward Landon.
260 _aEstados Unidos
_bAmerican Artists Group
_c1945
300 _a149 p.
_bil.
_c24 cm.
500 _aIncluye índice alfabético
500 _aE128
650 1 4 _aPinturas
_xMarcos y enmarcado
_913807
902 _aGFM
942 _2lcc
_cB
999 _c5095
_d5095